000 00663nam a2200229Ia 4500
003 OSt
005 20220926021510.0
006 a|||||r|||| 00| 0
007 ta
008 220923b |||||||| |||| 00| 0 eng d
037 _cGeneral Book
040 _aRTL
_cRTL
_beng
041 _2eng
_aeng
082 _aY9(L:5):5234.1N45.N99r, N9/UN
110 _aUNITED NATIONS POPULATION FUND.
_9326275
245 0 _aAnnual report.
260 _aNew York
_bUNFPA
_c1999
300 _a32p.
_ccm.
700 _aUNITED NATIONS POPULATION FUND.
_9326035
942 _hY9(L:5):5234.1N45.N99r, N9/UN
_cGB
_2CC
999 _c636934
_d636934